| Tag |
First Indicator |
Second Indicator |
Subfields |
| LEADER |
00000cam a2200000 4500 |
| 001 |
in00000061368 |
| 005 |
20151007082716.0 |
| 008 |
750424s1973 maua b 00010 eng d |
| 035 |
|
|
|a (OCoLC)01297516
|
| 035 |
|
|
|9 AAF8295AM
|
| 040 |
|
|
|c TOL
|d TXA
|d UtOrBLW
|
| 049 |
|
|
|a TXAM
|c [930608]
|
| 090 |
|
|
|a HF5415.13
|b .S3
|
| 100 |
1 |
|
|a Schoeffler, Sidney.
|
| 245 |
1 |
0 |
|a PIMS: a breakthrough in strategic planning /
|c by Sidney Schoeffler, Robert D. Buzzell and Donald F. Heany.
|
| 264 |
|
1 |
|a [Cambridge, Mass.] :
|b [Marketing Science Institute],
|c 1973.
|
| 300 |
|
|
|a 33 pages :
|b illustrations ;
|c 28 cm.
|
| 336 |
|
|
|a text
|b txt
|2 rdacontent
|
| 337 |
|
|
|a unmediated
|b n
|2 rdamedia
|
| 338 |
|
|
|a volume
|b nc
|2 rdacarrier
|
| 490 |
1 |
|
|a Marketing Science Institute. Working paper
|
| 490 |
1 |
|
|a Marketing Science Institute. Preliminary research report
|
| 500 |
|
|
|a "Report number 73-120."
|
| 504 |
|
|
|a Includes bibliographical references.
|
| 650 |
|
0 |
|a Marketing
|x Management.
|
| 650 |
|
0 |
|a Marketing research.
|
| 650 |
|
0 |
|a Profit.
|
| 700 |
1 |
|
|a Buzzell, Robert D.
|q (Robert Dow),
|d 1933-
|
| 700 |
1 |
|
|a Heany, Donald F.
|
| 710 |
2 |
|
|a Marketing Science Institute.
|
| 830 |
|
0 |
|a Working paper (Marketing Science Institute)
|
| 830 |
|
0 |
|a Preliminary research report (Marketing Science Institute)
|
| 999 |
|
|
|a MARS
|
| 999 |
f |
f |
|s 730e9a7d-07a7-3fe6-a155-79819af3ffe0
|i 8823c992-aa27-3f14-8756-b2ee4ddf6d03
|t 0
|
| 952 |
f |
f |
|p ric
|a Texas A&M University
|b Rellis Campus
|c Joint Library Facility
|d Remote Storage
|t 0
|e HF5415.13 .S3
|h Library of Congress classification
|i unmediated -- volume
|m A14802792202
|
| 998 |
f |
f |
|a HF5415.13 .S3
|t 0
|l Remote Storage
|